Campeões da Premier League - Statistics

Estatísticas Gerais
  • Esse quiz foi jogado 85 vezes
  • A pontuação média é 32 de 33
Estatísticas das Respostas
Ano Time % Correto
19-20 Liverpool
100%
24-25 Liverpool
100%
11-12 Manchester City
100%
13-14 Manchester City
100%
17-18 Manchester City
100%
18-19 Manchester City
100%
20-21 Manchester City
100%
21-22 Manchester City
100%
22-23 Manchester City
100%
23-24 Manchester City
100%
92-93 Manchester United
100%
93-94 Manchester United
100%
95-96 Manchester United
100%
96-97 Manchester United
100%
98-99 Manchester United
100%
99-00 Manchester United
100%
00-01 Manchester United
100%
02-03 Manchester United
100%
06-07 Manchester United
100%
07-08 Manchester United
100%
08-09 Manchester United
100%
10-11 Manchester United
100%
12-13 Manchester United
100%
14-15 Manchester United
100%
04-05 Chelsea
99%
05-06 Chelsea
99%
09-10 Chelsea
99%
16-17 Chelsea
99%
97-98 Arsenal
98%
01-02 Arsenal
98%
03-04 Arsenal
98%
15-16 Leicester City
79%
94-95 Blackburn
43%
Nenhum quiz correspondente encontrado
Distribuição das Pontuações
Porcentagem de Pessoas com Cada Pontuação
Percentil de Números Respondidos
Sua Pontuação Histórica
Você não jogou esse quiz